[Event "SERBIA CHESS OPEN 2021 - MASTERS"]
[Site "Belgrade, Hotel Metropol"]
[Date "2021.07.02"]
[Round "1.27"]
[White "Basso, Pier Luigi"]
[Black "Velickovic, Sasa"]
[Result "1-0"]
[WhiteElo "2550"]
[BlackElo "2281"]
[PlyCount "91"]
[EventDate "2021.??.??"]

1. d4 c5 2. d5 Nf6 3. c4 g6 4. Nc3 Bg7 5. e4 d6 6. f3 O-O 7. Nge2 e6 8. Ng3
exd5 9. cxd5 a6 10. a4 Nbd7 11. Be2 Qc7 12. Be3 Rb8 13. Qd2 Re8 14. O-O h5 15.
Nh1 Nh7 16. Nf2 b6 17. Rab1 Ne5 18. Kh1 Qe7 19. b4 Ra8 20. Ncd1 Nd7 21. Re1 Rb8
22. f4 Rd8 23. Bf3 Qf8 24. bxc5 bxc5 25. Rxb8 Nxb8 26. Nb2 Bd7 27. Bd1 Qe8 28.
a5 Bb5 29. Qc2 Nf6 30. Bf3 Qd7 31. h3 Qc7 32. Bd2 c4 33. Bc3 Nfd7 34. Bxg7 Kxg7
35. Qc3+ f6 36. Nbd1 Re8 37. g4 hxg4 38. hxg4 Qd8 39. Kg2 Kf7 40. g5 Rh8 41.
Bg4 Rh7 42. Be6+ Kf8 43. Nh3 Qe7 44. Ne3 Qg7 45. Qb4 Ke8 46. Qxd6 1-0

[Event "SERBIA CHESS OPEN 2021 - MASTERS"]
[Site "Belgrade, Hotel Metropol"]
[Date "2021.07.02"]
[Round "1.28"]
[White "Marn, Jan"]
[Black "Bjerre, Jonas Buhl"]
[Result "0-1"]
[WhiteElo "2280"]
[BlackElo "2546"]
[PlyCount "58"]
[EventDate "2021.??.??"]

1. d4 Nf6 2. c4 e6 3. g3 d5 4. Nf3 Bb4+ 5. Bd2 Be7 6. Bg2 O-O 7. O-O c6 8. Qc2
Ne4 9. Rd1 Nd7 10. Be1 f5 11. Nc3 Bd6 12. b4 Qe7 13. Rab1 b6 14. b5 Nxc3 15.
Bxc3 cxb5 16. cxd5 exd5 17. Ne5 Nf6 18. Rxb5 Ba6 19. Rxd5 Rae8 20. Rxd6 Qxd6
21. Qb3+ Qe6 22. d5 Qd6 23. f4 Bxe2 24. Re1 Qc5+ 25. Kh1 Bb5 26. Bb4 Qf2 27.
Rc1 Ng4 28. Bxf8 Ne3 29. Bf3 Rxe5 0-1

[Event "SERBIA CHESS OPEN 2021 - MASTERS"]
[Site "Belgrade, Hotel Metropol"]
[Date "2021.07.02"]
[Round "1.29"]
[White "Aleksandrov, Aleksej"]
[Black "Peycheva, Gergana"]
[Result "1-0"]
[WhiteElo "2535"]
[BlackElo "2280"]
[PlyCount "115"]
[EventDate "2021.??.??"]

1. e4 c5 2. Nc3 Nc6 3. Bb5 Nd4 4. Nf3 g6 5. Nxd4 cxd4 6. Ne2 Bg7 7. O-O e6 8.
d3 Ne7 9. Bd2 O-O 10. c3 dxc3 11. Bxc3 d6 12. Bxg7 Kxg7 13. Qd2 Bd7 14. Bxd7
Qxd7 15. Ng3 f6 16. f4 d5 17. Qe3 dxe4 18. dxe4 Rfd8 19. Qf3 Rac8 20. Kh1 Rc5
21. Rad1 Qc8 22. h3 Rxd1 23. Qxd1 Kf7 24. Kh2 Qc6 25. Qd8 Qc8 26. Qd4 b6 27.
Ne2 Rc2 28. Nc3 Qc6 29. Rf3 a6 30. Qd8 Rxb2 31. Qh8 Rd2 32. Qxh7+ Ke8 33. Qh8+
Kf7 34. Rg3 Rc2 35. Qh7+ Kf8 36. f5 exf5 37. Qh6+ Ke8 38. Nd5 fxe4 39. Qh8+ Kd7
40. Nxf6+ Kc7 41. Qg7 Qe6 42. Ng8 Kd7 43. Nxe7 Qxe7 44. Qxg6 Qe5 45. Qxb6 Rxa2
46. Qb3 Ra1 47. h4 a5 48. Qf7+ Kc6 49. Kh3 Rh1+ 50. Kg4 a4 51. Ra3 Rh2 52. g3
e3 53. Rxa4 e2 54. Qc4+ Kd6 55. Ra6+ Ke7 56. Ra7+ Kd6 57. Qc7+ Ke6 58. Qd7+ 1-0

[Event "SERBIA CHESS OPEN 2021 - MASTERS"]
[Site "Belgrade, Hotel Metropol"]
[Date "2021.07.02"]
[Round "1.30"]
[White "Durak, Can"]
[Black "Warmerdam, Max"]
[Result "0-1"]
[WhiteElo "2275"]
[BlackElo "2535"]
[PlyCount "106"]
[EventDate "2021.??.??"]

1. d4 d5 2. c4 e6 3. Nc3 a6 4. cxd5 exd5 5. Bf4 Nf6 6. e3 Bd6 7. Bg5 c6 8. Bd3
O-O 9. Qc2 h6 10. Bh4 Re8 11. Nge2 a5 12. h3 Na6 13. a3 Nc7 14. O-O Ne6 15.
Rab1 Ng5 16. Bf5 Bxf5 17. Qxf5 Nfe4 18. Nxe4 Rxe4 19. Bxg5 hxg5 20. g3 g6 21.
Qf3 Qe7 22. Nc3 Re6 23. Rbe1 f5 24. Kg2 Kg7 25. Rh1 Rh8 26. Rc1 Rf8 27. h4 f4
28. exf4 gxf4 29. g4 Bb8 30. h5 g5 31. Rc2 Re8 32. Rd1 Ba7 33. Kh2 Qf6 34. Rcd2
Re1 35. Kg2 Rxd1 36. Qxd1 f3+ 37. Qxf3 Bxd4 38. Qxf6+ Bxf6 39. Ne2 Re4 40. f3
Re3 41. Nc1 Re1 42. Nd3 Rb1 43. Re2 a4 44. Kg3 Rg1+ 45. Kh2 Rd1 46. Nc5 d4 47.
Re6 Kf7 48. h6 Rc1 49. h7 Bg7 50. Rh6 Rxc5 51. h8=Q Bxh8 52. Rxh8 d3 53. Rd8
Rd5 0-1

[Event "SERBIA CHESS OPEN 2021 - MASTERS"]
[Site "Belgrade, Hotel Metropol"]
[Date "2021.07.02"]
[Round "1.31"]
[White "Zanan, Evgeny"]
[Black "Tanmay, Chopra"]
[Result "1-0"]
[WhiteElo "2535"]
[BlackElo "2273"]
[PlyCount "118"]
[EventDate "2021.??.??"]

1. d4 Nf6 2. c4 e6 3. Nf3 d5 4. e3 Bb4+ 5. Nbd2 O-O 6. a3 Bxd2+ 7. Bxd2 Nbd7 8.
Bd3 b6 9. b4 dxc4 10. Bxc4 Bb7 11. O-O Qe7 12. Bc3 Rfc8 13. Qe2 Ne4 14. Bb2 Nd6
15. Bd3 c5 16. Rfc1 cxd4 17. Nxd4 h6 18. Nf3 Nf6 19. Ne5 Be4 20. Bxe4 Nfxe4 21.
f3 Nf6 22. e4 Qb7 23. Rd1 Nfe8 24. Rac1 Rxc1 25. Bxc1 Rc8 26. h4 Qc7 27. h5 Nf6
28. Bf4 Nxh5 29. Bh2 Ne8 30. g4 Nhf6 31. Qd2 Qc3 32. a4 Qb3 33. Bf4 Qxa4 34.
Be3 Qb3 35. Bf2 a5 36. bxa5 bxa5 37. Ra1 a4 38. Qa5 Qc3 39. Qxc3 Rxc3 40. Rxa4
Rc1+ 41. Kg2 Rc8 42. Ra6 Kf8 43. Be1 g5 44. Bb4+ Kg7 45. Ra7 Rc7 46. Ra8 Rb7
47. Bc3 Rc7 48. Ba1 Rc2+ 49. Kf1 Kf8 50. Bd4 Ke7 51. Bb6 Kf8 52. Ba5 Kg7 53.
Bb4 Rc7 54. Ke2 Rb7 55. Rd8 Rc7 56. Nd7 Kg6 57. Nf8+ Kg7 58. Rxe8 Ra7 59. Bc5
Ra5 1-0

[Event "SERBIA CHESS OPEN 2021 - MASTERS"]
[Site "Belgrade, Hotel Metropol"]
[Date "2021.07.02"]
[Round "1.32"]
[White "Dev, Shah"]
[Black "Iskandarov, Misratdin"]
[Result "0-1"]
[WhiteElo "2270"]
[BlackElo "2533"]
[PlyCount "48"]
[EventDate "2021.??.??"]

1. d4 d6 2. Nf3 Bg4 3. c4 Bxf3 4. exf3 g6 5. Nc3 Bg7 6. Be3 e6 7. Qd2 Ne7 8.
Bd3 Nbc6 9. d5 Ne5 10. dxe6 fxe6 11. Be2 O-O 12. h4 Nf5 13. Bg5 Qe8 14. O-O-O
c5 15. Nb5 Nd4 16. Nxd4 cxd4 17. Qxd4 Nxc4 18. Qg4 Nxb2 19. Rxd6 Rc8+ 20. Kb1
Na4 21. Bd3 Rf5 22. Bc4 Rb5+ 23. Bxb5 Qxb5+ 24. Qb4 Qe5 0-1

[Event "SERBIA CHESS OPEN 2021 - MASTERS"]
[Site "Belgrade, Hotel Metropol"]
[Date "2021.07.02"]
[Round "1.33"]
[White "Annaberdiev, Meilis"]
[Black "Milikow, Elie"]
[Result "1-0"]
[WhiteElo "2532"]
[BlackElo "2270"]
[PlyCount "120"]
[EventDate "2021.??.??"]

1. Nf3 Nf6 2. c4 e6 3. g3 d5 4. Bg2 d4 5. O-O c5 6. d3 Bd6 7. e3 Nc6 8. exd4
cxd4 9. a3 a5 10. Bg5 h6 11. Bxf6 Qxf6 12. Nbd2 Qd8 13. Rc1 O-O 14. Re1 e5 15.
c5 Bc7 16. Nc4 Re8 17. Nfd2 Be6 18. Ne4 Bxc4 19. Rxc4 Kh8 20. Qh5 Qe7 21. Nd6
Bxd6 22. cxd6 Qxd6 23. Qxf7 Re7 24. Qf5 g6 25. Qg4 Kg7 26. Be4 Rf8 27. Rec1 Nd8
28. Rc5 Qf6 29. R1c2 h5 30. Qe2 Qb6 31. Qd2 a4 32. h4 Qf6 33. Rc7 Rff7 34. Rc8
Ne6 35. Bd5 Rd7 36. Bxe6 Qxe6 37. Rh8 Rc7 38. Qh6+ Kf6 39. Rg8 Qg4 40. Rxc7
Rxc7 41. Qf8+ Ke6 42. Qe8+ Kf6 43. Qd8+ Re7 44. Rf8+ Ke6 45. Qb6+ Kd5 46. Rd8+
Rd7 47. Qxb7+ Kd6 48. Qxd7+ Qxd7 49. Rxd7+ Kxd7 50. Kf1 Ke6 51. Ke2 Kf6 52. Kd2
Kf5 53. f3 g5 54. hxg5 Kxg5 55. b4 axb3 56. a4 h4 57. gxh4+ Kf4 58. a5 Kxf3 59.
a6 b2 60. Kc2 e4 1-0

[Event "SERBIA CHESS OPEN 2021 - MASTERS"]
[Site "Belgrade, Hotel Metropol"]
[Date "2021.07.02"]
[Round "1.34"]
[White "Sahin, Ozgun"]
[Black "Nenezic, Marko"]
[Result "0-1"]
[WhiteElo "2269"]
[BlackElo "2531"]
[PlyCount "110"]
[EventDate "2021.??.??"]

1. e4 c5 2. Nf3 d6 3. d4 cxd4 4. Nxd4 Nf6 5. Nc3 a6 6. a3 e6 7. g4 Nc6 8. g5
Nd7 9. Be3 Nde5 10. Be2 b5 11. f4 Nxd4 12. Qxd4 Nc6 13. Qd2 Be7 14. h4 O-O 15.
h5 Bb7 16. O-O-O b4 17. axb4 Nxb4 18. h6 Qa5 19. Qd4 e5 20. Qb6 Qa1+ 21. Nb1
Nxc2 22. Kxc2 Bxe4+ 23. Bd3 Qa4+ 24. Kd2 Bxd3 25. Kxd3 Rfb8 26. Nc3 Qd7 27. Qa5
Qf5+ 28. Ke2 Rxb2+ 29. Rd2 Qg4+ 30. Kf2 Rxd2+ 31. Bxd2 exf4 32. Ne4 Bd8 33. Qb4
d5 34. Qd4 Bb6 35. Nf6+ gxf6 36. Qxb6 Qg3+ 37. Kf1 Qd3+ 38. Kg1 Qxd2 39. Qxf6
Qe1+ 40. Kg2 Qe4+ 41. Kh2 Qc2+ 42. Kh3 Qg6 43. Qxf4 Qh5+ 44. Kg2 Qe2+ 45. Qf2
Qxf2+ 46. Kxf2 a5 47. Rd1 a4 48. Rxd5 a3 49. Rd1 a2 50. Ra1 Kf8 51. Kf3 Ke7 52.
Kf4 Ke6 53. Re1+ Kd5 54. Ra1 Kc4 55. Kf5 Ra6 0-1

[Event "SERBIA CHESS OPEN 2021 - MASTERS"]
[Site "Belgrade, Hotel Metropol"]
[Date "2021.07.02"]
[Round "1.35"]
[White "Bogosavljevic, Boban"]
[Black "Belke, Frank"]
[Result "1-0"]
[WhiteElo "2527"]
[BlackElo "2269"]
[PlyCount "80"]
[EventDate "2021.??.??"]

1. Nf3 Nf6 2. c4 g6 3. Nc3 d5 4. cxd5 Nxd5 5. e4 Nxc3 6. dxc3 Qxd1+ 7. Kxd1 Bg7
8. Bf4 c5 9. Bb5+ Bd7 10. a4 Nc6 11. a5 O-O 12. Kc1 Rac8 13. Rd1 Be6 14. Kc2 a6
15. Be2 Rfd8 16. Rxd8+ Nxd8 17. Be3 Bg4 18. h3 Bxf3 19. Bxf3 Ne6 20. Bg4 h5 21.
Bxe6 fxe6 22. Rd1 Rc7 23. Rd8+ Kf7 24. Kb3 Be5 25. Kc4 Rc6 26. f4 Bc7 27. Rc8
e5 28. f5 gxf5 29. exf5 e6 30. fxe6+ Kxe6 31. g4 hxg4 32. hxg4 Kd7 33. Rg8 Bxa5
34. Rg7+ Kc8 35. g5 Bd8 36. Kd5 c4 37. g6 Bc7 38. Ke4 Rf6 39. Rg8+ Kd7 40. g7
Rg6 1-0

[Event "SERBIA CHESS OPEN 2021 - MASTERS"]
[Site "Belgrade, Hotel Metropol"]
[Date "2021.07.02"]
[Round "1.36"]
[White "Masic, Predrag"]
[Black "Sedlak, Nikola"]
[Result "0-1"]
[WhiteElo "2268"]
[BlackElo "2519"]
[PlyCount "66"]
[EventDate "2021.??.??"]

1. e4 c5 2. Nf3 Nc6 3. d4 cxd4 4. Nxd4 Qb6 5. Nb3 Nf6 6. Nc3 e6 7. Be3 Qc7 8.
a3 Be7 9. Be2 a6 10. f4 d6 11. O-O b5 12. Bf3 Bb7 13. Rf2 O-O 14. Rd2 Rab8 15.
Kh1 b4 16. axb4 Nxb4 17. Qg1 Ba8 18. Nd4 d5 19. e5 Ne4 20. Nxe4 dxe4 21. Be2
Nd5 22. c3 Nxe3 23. Qxe3 a5 24. Qg3 h6 25. Rad1 Rfd8 26. h4 a4 27. Kh2 Bc5 28.
f5 Bxd4 29. cxd4 exf5 30. Qf4 Bd5 31. Qxf5 e3 32. Rc2 Qe7 33. Bc4 Bxc4 0-1

[Event "SERBIA CHESS OPEN 2021 - MASTERS"]
[Site "Belgrade, Hotel Metropol"]
[Date "2021.07.02"]
[Round "1.38"]
[White "Jocev, Milan"]
[Black "Caspi, Israel"]
[Result "0-1"]
[WhiteElo "2260"]
[BlackElo "2510"]
[PlyCount "106"]
[EventDate "2021.??.??"]

1. d4 f5 2. Nc3 Nf6 3. Bg5 d5 4. e3 e6 5. Nf3 c5 6. Ne5 a6 7. g4 fxg4 8. h3 g3
9. fxg3 Bd6 10. Bd3 Nbd7 11. Bf4 Qc7 12. Nxd7 Bxd7 13. Qf3 O-O 14. O-O c4 15.
Be2 Be8 16. e4 Bh5 17. Qe3 Bxf4 18. Rxf4 Bxe2 19. e5 Ng4 20. Rxf8+ Rxf8 21.
Qxe2 Nh6 22. g4 Rf4 23. Rd1 Nf7 24. Kg2 Ng5 25. Rf1 Qf7 26. h4 Rxf1 27. Qxf1
Qxf1+ 28. Kxf1 Nf3 29. Ne2 Nh2+ 30. Kg2 Nxg4 31. Kf3 Nh6 32. Nf4 Kf7 33. h5 Nf5
34. c3 b5 35. Kf2 a5 36. a3 Ne7 37. Kf3 g6 38. hxg6+ Nxg6 39. Nh5 Nh4+ 40. Kg3
Nf5+ 41. Kf3 b4 42. axb4 axb4 43. Nf4 b3 44. Kf2 h6 45. Kf3 h5 46. Nxh5 Nxd4+
47. Ke3 Nc6 48. Nf4 Nxe5 49. Kd4 Nf3+ 50. Ke3 Ne5 51. Kd4 Kf6 52. Nh5+ Kg6 53.
Nf4+ Kf5 0-1

[Event "SERBIA CHESS OPEN 2021 - MASTERS"]
[Site "Belgrade, Hotel Metropol"]
[Date "2021.07.02"]
[Round "1.39"]
[White "Budisavljevic, Luka"]
[Black "Ratsma, Midas"]
[Result "1-0"]
[WhiteElo "2509"]
[BlackElo "2259"]
[PlyCount "99"]
[EventDate "2021.??.??"]

1. d4 Nf6 2. c4 e6 3. Nc3 Bb4 4. e3 c5 5. Nge2 cxd4 6. exd4 d5 7. c5 e5 8. a3
Bxc3+ 9. bxc3 Nc6 10. g3 Bg4 11. Bg2 O-O 12. f3 Bf5 13. O-O Re8 14. Re1 h6 15.
Be3 Qa5 16. Bf2 e4 17. Qc1 Re7 18. Nf4 Rae8 19. fxe4 Bxe4 20. Bxe4 Rxe4 21.
Rxe4 Rxe4 22. Qc2 Re7 23. Qd3 b6 24. cxb6 Qxb6 25. Rb1 Qa5 26. Rb5 Qa6 27. a4
g5 28. Qf5 gxf4 29. Qxf6 fxg3 30. hxg3 Re6 31. Qf3 Ne7 32. c4 Qxa4 33. Rb8+ Kg7
34. cxd5 Rf6 35. Qg4+ Ng6 36. Qe2 Qd7 37. Qe4 Rd6 38. Ra8 a6 39. Be3 Rxd5 40.
Rxa6 Rh5 41. Qf3 Qh3 42. Rf6 Nh8 43. d5 Rxd5 44. Bxh6+ Kh7 45. Qxd5 Qxg3+ 46.
Qg2 Qe1+ 47. Rf1 Qe5 48. Bf4 Qc3 49. Qh2+ Kg8 50. Qg3+ 1-0

[Event "SERBIA CHESS OPEN 2021 - MASTERS"]
[Site "Belgrade, Hotel Metropol"]
[Date "2021.07.02"]
[Round "1.40"]
[White "Granovskiy, Alexandr"]
[Black "Erenberg, Ariel"]
[Result "0-1"]
[WhiteElo "2255"]
[BlackElo "2506"]
[PlyCount "88"]
[EventDate "2021.??.??"]

1. d4 Nf6 2. Bg5 d5 3. Bxf6 gxf6 4. Nf3 c5 5. dxc5 e6 6. g3 Bxc5 7. Bg2 Nc6 8.
O-O e5 9. Nfd2 Be6 10. e4 dxe4 11. Nxe4 Be7 12. Nbd2 f5 13. Nc3 h5 14. Nb3 e4
15. Qxd8+ Rxd8 16. Rfd1 O-O 17. Ne2 Nb4 18. Ned4 Bf6 19. Nxe6 fxe6 20. Rxd8
Rxd8 21. c3 Nd3 22. Rb1 h4 23. Kf1 Kf7 24. Ke2 hxg3 25. hxg3 b6 26. Nc1 Ne5 27.
Nb3 Nc4 28. a4 Be5 29. Bf1 Kf6 30. f4 Bc7 31. Kf2 Nd2 32. Nxd2 Rxd2+ 33. Ke3
Rh2 34. Rd1 b5 35. Be2 Bb6+ 36. Kd2 bxa4 37. Ra1 Bf2 38. g4 Bg3 39. Ke3 Bxf4+
40. Kxf4 Rxe2 41. gxf5 exf5 42. Rxa4 Rf2+ 43. Ke3 Rxb2 44. Rxa7 Rh2 0-1

[Event "SERBIA CHESS OPEN 2021 - MASTERS"]
[Site "Belgrade, Hotel Metropol"]
[Date "2021.07.02"]
[Round "1.41"]
[White "Damljanovic, Branko"]
[Black "Cvitan, Ena"]
[Result "1-0"]
[WhiteElo "2501"]
[BlackElo "2255"]
[PlyCount "77"]
[EventDate "2021.??.??"]

1. Nf3 d5 2. d4 e6 3. c4 Nf6 4. Nc3 dxc4 5. e3 g6 6. Bxc4 b5 7. Be2 Bb7 8. O-O
Nbd7 9. b3 c5 10. Bb2 Be7 11. dxc5 Nxc5 12. b4 Ncd7 13. a3 O-O 14. Nd2 Nd5 15.
Nb3 Bf6 16. Rc1 Rc8 17. Qd2 N7b6 18. Nc5 Nxc3 19. Bxc3 Bxc3 20. Qxc3 Qg5 21. g3
Na4 22. Qd4 Nxc5 23. Rxc5 Rxc5 24. Qxc5 Qxc5 25. bxc5 Rc8 26. Rc1 Kf8 27. f3
Ke7 28. e4 e5 29. Kf2 Kd7 30. Ke3 Kc7 31. Bd1 Rd8 32. Bb3 f6 33. h4 Rd4 34. g4
h6 35. g5 hxg5 36. hxg5 f5 37. exf5 gxf5 38. c6 Bc8 39. g6 1-0

[Event "SERBIA CHESS OPEN 2021 - MASTERS"]
[Site "Belgrade, Hotel Metropol"]
[Date "2021.07.02"]
[Round "1.42"]
[White "Manakova, Maria"]
[Black "Sturt, Raven"]
[Result "0-1"]
[WhiteElo "2254"]
[BlackElo "2500"]
[PlyCount "66"]
[EventDate "2021.??.??"]

1. e4 e6 2. d3 d5 3. Qe2 Nf6 4. Nf3 Be7 5. e5 Nfd7 6. g3 c5 7. Bg2 Nc6 8. O-O
Qc7 9. Re1 b6 10. c4 d4 11. Nfd2 Ndxe5 12. f4 Ng6 13. h4 O-O 14. h5 Nh8 15. h6
g6 16. Nf3 f6 17. Nh4 f5 18. Nd2 Nf7 19. Ndf3 Rb8 20. Ne5 Ncxe5 21. fxe5 Re8
22. Bf4 Qd8 23. Bc6 Rf8 24. Qh2 g5 25. Nxf5 gxf4 26. Nxe7+ Qxe7 27. Re4 Qg5 28.
Rxf4 Nxe5 29. Rxf8+ Kxf8 30. Rf1+ Ke7 31. Be4 Bb7 32. Rf4 Bxe4 33. dxe4 Qxf4
0-1

[Event "SERBIA CHESS OPEN 2021 - MASTERS"]
[Site "Belgrade, Hotel Metropol"]
[Date "2021.07.02"]
[Round "1.43"]
[White "Leniart, Arkadiusz"]
[Black "Azaric, Slavko"]
[Result "1-0"]
[WhiteElo "2499"]
[BlackElo "2254"]
[PlyCount "61"]
[EventDate "2021.??.??"]

1. d4 d6 2. c4 Nf6 3. Nc3 e5 4. d5 g6 5. e4 Bg7 6. Bd3 a5 7. Nge2 Na6 8. Bc2 h5
9. Bg5 Bh6 10. Bxh6 Rxh6 11. Qd2 Rh7 12. O-O h4 13. f4 Qe7 14. fxe5 Qxe5 15.
Nd4 Bg4 16. Qf2 Nd7 17. a3 h3 18. g3 Qe7 19. Ba4 Nac5 20. e5 dxe5 21. Ndb5 Kd8
22. d6 cxd6 23. Nd5 Qf8 24. Bc2 a4 25. Bxg6 Rg7 26. Bf5 Ra6 27. Ne3 Bxf5 28.
Nxf5 Rg6 29. Rad1 Ne4 30. Qf3 Ndc5 31. Rfe1 1-0

[Event "SERBIA CHESS OPEN 2021 - MASTERS"]
[Site "Belgrade, Hotel Metropol"]
[Date "2021.07.02"]
[Round "1.44"]
[White "Juvan, Jaka"]
[Black "Csonka, Balazs"]
[Result "0-1"]
[WhiteElo "2252"]
[BlackElo "2498"]
[PlyCount "52"]
[EventDate "2021.??.??"]

1. e4 c5 2. Nf3 d6 3. d4 cxd4 4. Nxd4 Nf6 5. Nc3 Nc6 6. Bg5 e6 7. f3 Be7 8. Qd2
Nxe4 9. Nxe4 Bxg5 10. Nxg5 Nxd4 11. Qxd4 Qxg5 12. Qxd6 Bd7 13. Qg3 Qa5+ 14. c3
O-O-O 15. Be2 Qb6 16. Rb1 Bb5 17. Qf2 Rd2 18. c4 Bxc4 19. Rc1 Qxf2+ 20. Kxf2
Rxe2+ 21. Kg3 b5 22. b3 Rxa2 23. bxc4 b4 24. Ra1 Rxa1 25. Rxa1 Kc7 26. Rxa7+
Kc6 0-1

[Event "SERBIA CHESS OPEN 2021 - MASTERS"]
[Site "Belgrade, Hotel Metropol"]
[Date "2021.07.02"]
[Round "1.45"]
[White "Sadikhov, Ulvi"]
[Black "Zivkovic, Sava"]
[Result "1-0"]
[WhiteElo "2490"]
[BlackElo "2251"]
[PlyCount "63"]
[EventDate "2021.??.??"]

1. c4 Nf6 2. Nc3 g6 3. g3 Bg7 4. Bg2 c6 5. e4 d6 6. Nge2 O-O 7. O-O e5 8. d3
Be6 9. h3 Qd7 10. Kh2 d5 11. exd5 cxd5 12. d4 dxc4 13. dxe5 Ne8 14. f4 Nc6 15.
Ne4 Qc7 16. Be3 Rd8 17. Qa4 b5 18. Qxb5 Rb8 19. Qa4 Rxb2 20. N2c3 Nxe5 21. fxe5
Qxe5 22. Rf2 Rxf2 23. Bxf2 f5 24. Ng5 Qxc3 25. Nxe6 Qxa1 26. Nxf8 Qe5 27. Nd7
Qc7 28. Nc5 Nd6 29. Ne6 Qe7 30. Nxg7 Kxg7 31. Qxa7 Qxa7 32. Bxa7 1-0

[Event "SERBIA CHESS OPEN 2021 - MASTERS"]
[Site "Belgrade, Hotel Metropol"]
[Date "2021.07.02"]
[Round "1.46"]
[White "Papakonstantinou, Dimitrios"]
[Black "Blohberger, Felix"]
[Result "1-0"]
[WhiteElo "2251"]
[BlackElo "2490"]
[PlyCount "93"]
[EventDate "2021.??.??"]

1. e4 c5 2. Nf3 Nc6 3. d4 cxd4 4. Nxd4 Nf6 5. Nc3 d6 6. Bg5 Bd7 7. Qd2 a6 8.
O-O-O e6 9. f3 Nxd4 10. Qxd4 h6 11. Be3 Bc6 12. Bc4 b5 13. Bb3 Be7 14. g4 a5
15. a3 Nd7 16. h4 Nc5 17. g5 e5 18. Qd2 Nxb3+ 19. cxb3 Qc8 20. Kb1 hxg5 21.
hxg5 Rxh1 22. Rxh1 Qe6 23. Rh8+ Bf8 24. Qd3 Rb8 25. f4 exf4 26. Bxf4 Kd7 27.
Qd4 Rc8 28. Ka1 b4 29. Nd5 Bxd5 30. exd5 Qe1+ 31. Ka2 bxa3 32. Rxf8 axb2 33.
Kxb2 Rxf8 34. Qa7+ Kc8 35. Qa8+ Kc7 36. Qc6+ Kb8 37. Bxd6+ Ka7 38. Bc5+ Kb8 39.
Bxf8 Qe5+ 40. Ka2 Qxg5 41. Bd6+ Ka7 42. Bc5+ Kb8 43. Bd6+ Ka7 44. Qc7+ Ka6 45.
Qc8+ Kb6 46. Bc5+ Kb5 47. Qc6# 1-0

[Event "SERBIA CHESS OPEN 2021 - MASTERS"]
[Site "Belgrade, Hotel Metropol"]
[Date "2021.07.02"]
[Round "1.47"]
[White "Kourkoulos-Arditis, Stamatis"]
[Black "Eric, Jovana"]
[Result "1-0"]
[WhiteElo "2485"]
[BlackElo "2250"]
[PlyCount "97"]
[EventDate "2021.??.??"]

1. d4 Nf6 2. c4 g6 3. Nf3 Bg7 4. g3 d6 5. Bg2 O-O 6. Nc3 Nc6 7. O-O Bf5 8. d5
Na5 9. Nd2 c5 10. e4 Bd7 11. Qc2 a6 12. b3 b5 13. Bb2 Rb8 14. Nd1 bxc4 15. bxc4
e5 16. Ne3 h5 17. Bc3 h4 18. Rab1 Qc7 19. Rfe1 Nh7 20. Rb2 Bf6 21. Reb1 Rxb2
22. Qxb2 Bd8 23. f4 f6 24. f5 gxf5 25. exf5 hxg3 26. hxg3 Ng5 27. Ne4 Nxe4 28.
Bxe4 Bc8 29. Kg2 Rf7 30. Qb8 Nb7 31. Qa8 a5 32. Bc2 Qd7 33. Ng4 Kg7 34. Bd2 Qc7
35. Rb2 Re7 36. Ne3 Qd7 37. Bd1 Rf7 38. Rb5 Qc7 39. Ba4 Re7 40. Rb1 e4 41. Bc6
Rf7 42. Bc3 Kh7 43. g4 Rg7 44. Kf2 Rf7 45. g5 Kg8 46. g6 Rg7 47. Bxb7 Bxb7 48.
Rxb7 Qxb7 49. Qxd8# 1-0

[Event "SERBIA CHESS OPEN 2021 - MASTERS"]
[Site "Belgrade, Hotel Metropol"]
[Date "2021.07.02"]
[Round "1.48"]
[White "Defromont, Benjamin"]
[Black "Raja, Harshit"]
[Result "1/2-1/2"]
[WhiteElo "2246"]
[BlackElo "2484"]
[PlyCount "77"]
[EventDate "2021.??.??"]

1. e4 c5 2. Nf3 d6 3. d4 cxd4 4. Nxd4 Nf6 5. Nc3 a6 6. g3 e5 7. Nf3 Be7 8. Nh4
O-O 9. Bg2 Bg4 10. Qd3 Nc6 11. O-O g6 12. Bh6 Re8 13. h3 Bd7 14. Qd2 Nd4 15.
Kh2 Rc8 16. Nf3 Qb6 17. Rab1 Rc4 18. Nxd4 Rxd4 19. Qe2 Qc7 20. Be3 Rc4 21. Rfd1
Rc8 22. Bf1 b5 23. Qf3 b4 24. Bxc4 Qxc4 25. Bg5 bxc3 26. Bxf6 Bxf6 27. Qxf6
Qxe4 28. Re1 Qxc2 29. bxc3 Qxa2 30. Rbd1 Bf5 31. Kg1 Qe6 32. Rxd6 Qxf6 33. Rxf6
Rc5 34. Rxa6 Bxh3 35. Rc1 h5 36. Rb6 Kg7 37. c4 Bd7 38. Rb7 Ba4 39. f3 1/2-1/2

[Event "SERBIA CHESS OPEN 2021 - MASTERS"]
[Site "Belgrade, Hotel Metropol"]
[Date "2021.07.02"]
[Round "1.49"]
[White "Makhnev, Denis"]
[Black "Ivanovic, Marko"]
[Result "1-0"]
[WhiteElo "2480"]
[BlackElo "2245"]
[PlyCount "77"]
[EventDate "2021.??.??"]

1. d4 Nf6 2. c4 g6 3. Nc3 Bg7 4. e4 d6 5. h3 O-O 6. Be3 e5 7. d5 Na6 8. Nf3 Nc5
9. Nd2 a5 10. g4 Bd7 11. Be2 Rb8 12. g5 Ne8 13. h4 f6 14. a3 a4 15. gxf6 Qxf6
16. Qc2 c6 17. O-O-O Nc7 18. h5 Rfc8 19. hxg6 hxg6 20. Kb1 b5 21. dxc6 Bxc6 22.
Bxc5 dxc5 23. cxb5 Be8 24. Bc4+ Bf7 25. Qxa4 Rd8 26. Qb3 Rd4 27. Bxf7+ Qxf7 28.
Qxf7+ Kxf7 29. a4 Ne6 30. Nb3 Rb4 31. Rd7+ Kg8 32. Na5 Rf8 33. Nc6 Rd4 34. Nxd4
exd4 35. Nd5 Rxf2 36. b6 d3 37. Ne7+ Kf7 38. Nf5+ Ke8 39. Rxg7 1-0

[Event "SERBIA CHESS OPEN 2021 - MASTERS"]
[Site "Belgrade, Hotel Metropol"]
[Date "2021.07.02"]
[Round "1.50"]
[White "Brilej, Jaka"]
[Black "Cabarkapa, Novak"]
[Result "1/2-1/2"]
[WhiteElo "2244"]
[BlackElo "2478"]
[PlyCount "46"]
[EventDate "2021.??.??"]

1. e4 c5 2. Nf3 Nc6 3. d4 cxd4 4. Nxd4 Nf6 5. Nc3 h5 6. f3 e5 7. Ndb5 d6 8. Bg5
a6 9. Na3 Be6 10. Nc4 Rc8 11. Ne3 Be7 12. h4 Nd4 13. Qd2 Ng8 14. Bxe7 Nxe7 15.
Ne2 Ndc6 16. Ng3 Qb6 17. c3 Rd8 18. Nd5 Bxd5 19. exd5 Nb8 20. O-O-O Nd7 21. Qg5
f6 22. Qd2 f5 23. Bd3 g6 1/2-1/2

[Event "SERBIA CHESS OPEN 2021 - MASTERS"]
[Site "Belgrade, Hotel Metropol"]
[Date "2021.07.02"]
[Round "1.51"]
[White "Nestorovic, Nikola"]
[Black "Zenelaj, Samuel"]
[Result "1-0"]
[WhiteElo "2477"]
[BlackElo "2244"]
[PlyCount "41"]
[EventDate "2021.??.??"]

1. e4 e5 2. Nf3 Nc6 3. Bc4 Nf6 4. d3 Bc5 5. a4 d6 6. c3 a5 7. O-O h6 8. Nbd2
O-O 9. h3 Be6 10. Bb5 Qb8 11. Nc4 Qa7 12. Ne3 Bb6 13. Bxc6 bxc6 14. Nh4 d5 15.
Qf3 Rae8 16. Nef5 Bxf5 17. Nxf5 dxe4 18. dxe4 Re6 19. Bxh6 Nxe4 20. Bxg7 Bxf2+
21. Kh1 1-0

[Event "SERBIA CHESS OPEN 2021 - MASTERS"]
[Site "Belgrade, Hotel Metropol"]
[Date "2021.07.02"]
[Round "1.52"]
[White "Gajcin, Marina"]
[Black "Nikitenko, Mihail"]
[Result "0-1"]
[WhiteElo "2243"]
[BlackElo "2472"]
[PlyCount "102"]
[EventDate "2021.??.??"]

1. e4 e6 2. d4 d5 3. e5 c5 4. c3 Nc6 5. Nf3 Qb6 6. a3 Bd7 7. b4 cxd4 8. cxd4
Nh6 9. Nc3 Nf5 10. Na4 Qd8 11. Bb2 Nh4 12. Nxh4 Qxh4 13. Nc5 Bxc5 14. bxc5 O-O
15. Be2 f6 16. g3 Qe4 17. O-O fxe5 18. Bd3 Qf3 19. dxe5 Rac8 20. Be2 Qf7 21.
Rb1 Qe7 22. Bd3 Be8 23. Qc2 h6 24. f4 Bh5 25. Rbc1 Bg4 26. Qd2 Qf7 27. Rf2 Rc7
28. Bf1 Bf5 29. Bg2 Qg6 30. a4 Be4 31. Bf1 h5 32. Be2 Qf5 33. Qd1 g6 34. Bc3
Rh7 35. Be1 g5 36. Bxh5 gxf4 37. Qg4+ Rg7 38. Qxf5 Rxf5 39. Be2 fxg3 40. Rxf5
gxh2+ 41. Kxh2 exf5 42. Kh3 f4 43. Bc3 Rg3+ 44. Kh4 Ne7 45. Bg4 Bf5 46. Bxf5
Nxf5+ 47. Kh5 Kf7 48. Bd2 Ng7+ 49. Kh6 Rg6+ 50. Kh7 Ne6 51. Bxf4 Nf8+ 0-1